[Event "Titled Tuesday intern op 01st Apr Early"]
[Site "Chess.com INT"]
[Date "2025.04.01"]
[Round "1"]
[White "Kalogeris, Ioannis"]
[Black "Krzywda, Andrzej"]
[Result "1-0"]
[WhiteElo "2454"]
[BlackElo "2152"]
[PlyCount "107"]
[EventDate "2025.04.01"]
[EventType "swiss (blitz)"]
[EventRounds "11"]
[EventCountry "USA"]
[SourceTitle "CB15_2025"]
[SourceDate "2025.04.09"]
[SourceVersion "1"]
[SourceVersionDate "2025.04.09"]
[SourceQuality "1"]

1. e4 c5 2. Nf3 Nc6 3. Bb5 g6 4. Bxc6 dxc6 5. h3 Bg7 6. 0-0 Nf6 7. d3 b6 8. e5 Nd5 9. Re1 h6 10. Nbd2 Be6 11. Ne4 Qc7 12. Ng3 g5 13. Nh5 Bf8 14. c4 Nb4 15. a3 Na6 16. b3 Qd7 17. d4 0-0-0 18. Bb2 g4 19. hxg4 Bxg4 20. d5 Rg8 21. Nf4 Qf5 22. Bc1 h5 23. Ra2 Bh6 24. Nh4 Qb1 25. Qc2 Qxc2 26. Rxc2 Bxf4 27. Bxf4 cxd5 28. f3 Be6 29. cxd5 Rxd5 30. Rc3 Rd4 31. Re4 Rxe4 32. fxe4 Rd8 33. Nf5 Bxf5 34. exf5 Rd4 35. Bg5 Kd7 36. Kf2 Nc7 37. Rh3 Rd5 38. Bf4 Nb5 39. Rxh5 Nxa3 40. Rh7 Ke8 41. Rh8+ Kd7 42. Rf8 Nb5 43. Rxf7 Ke8 44. Rh7 Nd4 45. g4 Nxb3 46. e6 Kf8 47. Bh6+ Kg8 48. Rg7+ Kh8 49. Rxe7 Nd4 50. f6 Nxe6 51. Rxe6 Kg8 52. Re7 Rd6 53. f7+ Kh7 54. f8Q+ 1-0

[Event "Titled Tuesday intern op 01st Apr Early"]
[Site "Chess.com INT"]
[Date "2025.04.01"]
[Round "5"]
[White "Pichot, Alan"]
[Black "Kalogeris, Ioannis"]
[Result "0-1"]
[WhiteElo "2613"]
[BlackElo "2454"]
[PlyCount "100"]
[EventDate "2025.04.01"]
[EventType "swiss (blitz)"]
[EventRounds "11"]
[EventCountry "USA"]
[SourceTitle "CB15_2025"]
[SourceDate "2025.04.09"]
[SourceVersion "1"]
[SourceVersionDate "2025.04.09"]
[SourceQuality "1"]

1. Nf3 Nf6 2. b3 g6 3. c4 Bg7 4. Bb2 0-0 5. g3 c6 6. Bg2 d5 7. 0-0 Nbd7 8. d3 Re8 9. d4 Nb6 10. Nbd2 Bf5 11. Rc1 Ne4 12. e3 Nxd2 13. Qxd2 Be4 14. Rfd1 e6 15. Qe2 h5 16. Bf1 Nd7 17. Nd2 Bf5 18. e4 dxe4 19. Nxe4 Qc7 20. Bg2 Bg4 21. f3 Bf5 22. g4 Bxe4 23. Qxe4 Bh6 24. Rc2 Bf4 25. h3 f5 26. Qe1 Kh7 27. Re2 Bg3 28. Qd2 Rad8 29. Bc1 f4 30. Qc2 c5 31. gxh5 Nf8 32. hxg6+ Nxg6 33. Re5 Kh6 34. Rxc5 Qb6 35. Rb5 Qc7 36. Qe4 e5 37. Rxb7 Qd6 38. c5 Qf8 39. d5 Qxc5+ 40. Kh1 Rc8 41. Bd2 Qf2 42. Be1 Qxa2 43. Bxg3 fxg3 44. Qg4 Qc2 45. Rg1 Qf2 46. h4 Qe3 47. h5 Qg5 48. Qxg5+ Kxg5 49. Bh3 Nf4 50. Rxg3+ Kh4 0-1

[Event "EU-ch 24th"]
[Site "Petrovac"]
[Date "2024.11.19"]
[Round "11"]
[White "Kalogeris, Ioannis"]
[Black "Petrov, Nikita"]
[Result "1/2-1/2"]
[WhiteElo "2431"]
[BlackElo "2590"]
[PlyCount "110"]
[EventDate "2024.11.08"]
[EventType "swiss"]
[EventRounds "11"]
[EventCountry "MNE"]
[SourceTitle "CB47_2024"]
[SourceDate "2024.11.20"]
[SourceVersion "1"]
[SourceVersionDate "2024.11.20"]
[SourceQuality "1"]

1. e4 e5 2. Nf3 Nc6 3. Bb5 a6 4. Ba4 Nf6 5. 0-0 Be7 6. Bxc6 dxc6 7. d3 Qd6 8. Nbd2 Be6 9. Ng5 0-0-0 10. Qf3 Kb8 11. a4 Rhf8 12. Nxe6 Qxe6 13. Nc4 Nd7 14. Bd2 Nb6 15. Ne3 g6 16. Bc3 f5 17. Qh3 Bc5 18. a5 Nd7 19. Ra4 Rf7 20. exf5 gxf5 21. Rh4 Nf8 22. b4 Bd4 23. Bxd4 exd4 24. Nc4 Ng6 25. Rxh7 Rxh7 26. Qxh7 Re8 27. g3 f4 28. Qh5 Rh8 29. Qf3 Qh3 30. Qg2 Qh5 31. f3 fxg3 32. hxg3 Rg8 33. Qh2 Qg5 34. Kf2 Rh8 35. Qg1 Ne5 36. Kg2 Ng6 37. Re1 Nf4+ 38. Kf1 Qh5 39. Ne5 Qh3+ 40. Kf2 Nd5 41. Ng6 Rd8 42. Qh1 Qd7 43. Qh4 Ne3 44. Qe7 Qc8 45. Rh1 Nxc2 46. g4 Re8 47. Qxe8 Qxe8 48. Rh8 Qxh8 49. Nxh8 Nxb4 50. f4 Kc8 51. g5 Nxd3+ 52. Kf3 Ne1+ 53. Kf2 Nd3+ 54. Kf3 Ne1+ 55. Kf2 Nd3+ 1/2-1/2

[Event "EU-ch 24th"]
[Site "Petrovac"]
[Date "2024.11.18"]
[Round "10"]
[White "Tomczak, Jacek"]
[Black "Kalogeris, Ioannis"]
[Result "0-1"]
[WhiteElo "2593"]
[BlackElo "2431"]
[PlyCount "164"]
[EventDate "2024.11.08"]
[EventType "swiss"]
[EventRounds "11"]
[EventCountry "MNE"]
[SourceTitle "CB47_2024"]
[SourceDate "2024.11.20"]
[SourceVersion "1"]
[SourceVersionDate "2024.11.20"]
[SourceQuality "1"]

1. e4 e5 2. Nf3 Nc6 3. Bb5 a6 4. Ba4 Nf6 5. 0-0 b5 6. Bb3 Bc5 7. a4 Rb8 8. c3 d6 9. d4 Bb6 10. a5 Ba7 11. h3 0-0 12. Be3 Ra8 13. Nbd2 Bb7 14. Qe2 exd4 15. cxd4 Nb4 16. d5 c5 17. dxc6 Nxc6 18. Bxa7 Rxa7 19. Qe3 Ra8 20. Rfd1 Re8 21. Ba2 Qc7 22. Nh4 d5 23. Nf5 Ne7 24. Rac1 Qxa5 25. Nxe7+ Rxe7 26. Qc5 Qd8 27. exd5 Rd7 28. Nf1 Nxd5 29. Bxd5 Rxd5 30. Rxd5 Qxd5 31. Qxd5 Bxd5 32. Ne3 Be6 33. f4 a5 34. f5 Bb3 35. Rc5 Rb8 36. Kf2 Kf8 37. Rc7 a4 38. Ra7 Rd8 39. Ke2 Ba2 40. g4 f6 41. Rb7 Bb1 42. Kf3 Bd3 43. h4 h6 44. Ra7 Rd4 45. Ng2 Rb4 46. Nf4 Bc4 47. g5 fxg5 48. hxg5 hxg5 49. Ng6+ Ke8 50. Rxg7 Bd3 51. Ne5 Bxf5 52. Rxg5 Rb3+ 53. Kf4 Bc2 54. Rg8+ Ke7 55. Nc6+ Kd6 56. Nd4 Rxb2 57. Rg2 Rb4 58. Ke3 Bb3 59. Kd3 Kc5 60. Rg5+ Bd5 61. Ne2 a3 62. Nc3 Rd4+ 63. Kc2 b4 64. Nxd5 Rxd5 65. Rg8 Kc4 66. Rc8+ Kb5 67. Kb3 Rd3+ 68. Kc2 Rd6 69. Kb3 Rd3+ 70. Kc2 Re3 71. Rb8+ Kc4 72. Rc8+ Kd4 73. Rd8+ Ke4 74. Rb8 Rc3+ 75. Kd2 Rb3 76. Kc2 Rb2+ 77. Kc1 Kd3 78. Rc8 b3 79. Rd8+ Ke4 80. Rb8 Rc2+ 81. Kd1 a2 82. Rxb3 Rh2 0-1

[Event "EU-ch 24th"]
[Site "Petrovac"]
[Date "2024.11.12"]
[Round "5"]
[White "Kalogeris, Ioannis"]
[Black "Rychagov, Nikita1"]
[Result "1-0"]
[WhiteElo "2431"]
[BlackElo "2217"]
[PlyCount "89"]
[EventDate "2024.11.08"]
[EventType "swiss"]
[EventRounds "11"]
[EventCountry "MNE"]
[SourceTitle "CB47_2024"]
[SourceDate "2024.11.20"]
[SourceVersion "1"]
[SourceVersionDate "2024.11.20"]
[SourceQuality "1"]

1. e4 e5 2. Nf3 Nf6 3. Nxe5 d6 4. Nf3 Nxe4 5. d4 d5 6. Bd3 Bd6 7. 0-0 0-0 8. Re1 Bf5 9. c4 c6 10. Qb3 Qd7 11. c5 Bc7 12. g3 b6 13. Qc2 Re8 14. Nbd2 Bg4 15. b4 Nxd2 16. Rxe8+ Qxe8 17. Nxd2 h6 18. Nf1 bxc5 19. bxc5 Nd7 20. Ne3 Be6 21. Bd2 Nf8 22. Re1 Qd7 23. Qa4 Bd8 24. Rb1 Qc7 25. Nf5 a5 26. Nd6 Ra7 27. Rb6 Bd7 28. Ba6 Bh3 29. Rxc6 Qe7 30. Bd3 Qf6 31. Nf5 Ne6 32. Qc2 g6 33. Ne3 Qf3 34. Bc3 Rb7 35. Be2 Qf6 36. Nxd5 Qg5 37. Ne3 Bf6 38. Rxe6 fxe6 39. f4 Bxd4 40. fxg5 Bxe3+ 41. Kh1 Bf5 42. Bd3 Bg4 43. h3 Bf3+ 44. Kh2 hxg5 45. Be4 1-0

[Event "Titled Tuesday intern op 30th Jul Early"]
[Site "Chess.com INT"]
[Date "2024.07.30"]
[Round "10"]
[White "Kalogeris, Ioannis"]
[Black "Radhakrishnan, Sharath"]
[Result "0-1"]
[WhiteElo "2431"]
[BlackElo "2033"]
[PlyCount "128"]
[EventDate "2024.07.30"]
[EventType "swiss (blitz)"]
[EventRounds "11"]
[EventCountry "USA"]
[SourceTitle "EXT 2025"]
[Source "ChessBase"]
[SourceDate "2024.10.14"]
[SourceVersion "1"]
[SourceVersionDate "2024.10.14"]
[SourceQuality "1"]

1. e4 e5 2. Nf3 Nc6 3. Bb5 a6 4. Ba4 Nf6 5. Bxc6 dxc6 6. d3 Bd6 7. Nc3 0-0 8. Ne2 c5 9. Nd2 b5 10. a4 Bb7 11. 0-0 Re8 12. Ng3 Qd7 13. Nf5 c4 14. Qf3 cxd3 15. cxd3 Bf8 16. Nb3 Rad8 17. Qg3 g6 18. Bg5 Nh5 19. Qf3 f6 20. Nh6+ Bxh6 21. Bxh6 bxa4 22. Nc5 Qb5 23. Rfc1 Rd6 24. Rxa4 Red8 25. Rac4 Qxb2 26. g4 Nf4 27. Bxf4 exf4 28. Qxf4 Ba8 29. g5 fxg5 30. Qxg5 Rf8 31. R4c2 Qd4 32. Qe3 Qxe3 33. fxe3 Re8 34. Kf2 Re7 35. Ke2 Bc6 36. Rc3 Bb5 37. Ra3 Kf7 38. Kd2 h5 39. d4 g5 40. e5 Rxe5 41. Nxa6 Bxa6 42. Rxa6 Rxa6 43. dxe5 Ra2+ 44. Kd3 Rxh2 45. Ke4 Ke6 46. Rc6+ Kd7 47. Rh6 h4 48. Kf5 Rg2 49. Rh7+ Kc6 50. e4 Rg3 51. e6 h3 52. e7 Kd7 53. e5 g4 54. e6+ Ke8 55. Rg7 h2 56. Rh7 Rh3 57. Rf7 h1Q 58. Kg6 Rh6+ 59. Kg7 Rh7+ 60. Kf6 Qh6+ 61. Ke5 Rxf7 62. exf7+ Kxf7 63. e8Q+ Kxe8 64. Kd5 Qd6+ 0-1

[Event "Menorca op 3rd"]
[Site "Ciutadella de Menorca"]
[Date "2024.04.03"]
[Round "2"]
[White "Aryan, Chopra"]
[Black "Kalogeris, Ioannis"]
[Result "1-0"]
[WhiteElo "2630"]
[BlackElo "2427"]
[PlyCount "87"]
[EventDate "2024.04.02"]
[EventType "swiss"]
[EventRounds "9"]
[EventCountry "ESP"]
[SourceTitle "CBM 219 Extra"]
[Source "ChessBase"]
[SourceDate "2024.05.31"]
[SourceVersion "1"]
[SourceVersionDate "2024.05.31"]
[SourceQuality "1"]

1. e4 e5 2. Nf3 Nc6 3. Bc4 Bc5 4. c3 Nf6 5. d3 d6 6. 0-0 0-0 7. h3 a5 8. Re1 Ba7 9. Na3 Ne7 10. d4 Ng6 11. Be3 c6 12. Bd3 Re8 13. Qc2 b5 14. Rad1 Qe7 15. Nb1 Nh5 16. Nbd2 Ngf4 17. Bf1 g5 18. Nh2 Nf6 19. Ndf3 h6 20. c4 bxc4 21. Bxc4 Kh8 22. Bb3 Bd7 23. Ba4 Rec8 24. a3 Ng6 25. dxe5 dxe5 26. Bxa7 Rxa7 27. Qc3 Rg8 28. Nd2 Kh7 29. Nc4 g4 30. hxg4 Bxg4 31. Rd2 Rg7 32. g3 Ra8 33. Nd6 Qa7 34. Bxc6 Rb8 35. Nxg4 Nxg4 36. Nf5 Rgg8 37. Qf3 Nf4 38. gxf4 Nxf2+ 39. Kh2 Ng4+ 40. Kh1 exf4 41. Rg2 h5 42. Bd5 Rg5 43. Qxf4 Rbg8 44. Rxg4 1-0

[Event "GRE-ch 72nd"]
[Site "Athens"]
[Date "2023.12.09"]
[Round "9"]
[White "Kalogeris, Ioannis"]
[Black "Tsaknakis, Zisis"]
[Result "1-0"]
[WhiteElo "2427"]
[BlackElo "2279"]
[PlyCount "87"]
[EventDate "2023.12.01"]
[EventType "tourn"]
[EventRounds "9"]
[EventCountry "GRE"]
[EventCategory "6"]
[SourceTitle "CBM 217 Extra"]
[Source "ChessBase"]
[SourceDate "2024.01.31"]
[SourceVersion "1"]
[SourceVersionDate "2024.01.31"]
[SourceQuality "1"]

1. d4 Nf6 2. c4 g6 3. Nc3 Bg7 4. e4 d6 5. h3 0-0 6. Be3 e5 7. d5 Na6 8. g4 Nc5 9. f3 a5 10. Nge2 c6 11. Ng3 h5 12. Qd2 h4 13. Nge2 cxd5 14. cxd5 Bd7 15. Bg5 b5 16. Nc1 b4 17. Nd1 a4 18. Nf2 b3 19. axb3 Nxb3 20. Nxb3 axb3 21. Rc1 Qb6 22. Be3 Qb7 23. Bd3 Nh7 24. Rc4 Ra1+ 25. Ke2 Rxh1 26. Nxh1 Rb8 27. Qa5 Bb5 28. Rc7 Bxd3+ 29. Kxd3 Ra8 30. Rxb7 Rxa5 31. Rb8+ Bf8 32. g5 Kg7 33. Rb7 Ra2 34. Kc3 Ra1 35. Nf2 Re1 36. Kd2 Rg1 37. Ke2 Rg3 38. f4 exf4 39. Bxf4 Nxg5 40. Bxg3 hxg3 41. Nd3 Nxe4 42. Kf3 g5 43. Nc1 Kg6 44. Kxe4 1-0

[Event "GRE-ch 72nd"]
[Site "Athens"]
[Date "2023.12.04"]
[Round "4"]
[White "Kalogeris, Ioannis"]
[Black "Krallis, Christos"]
[Result "1/2-1/2"]
[WhiteElo "2427"]
[BlackElo "2339"]
[PlyCount "157"]
[EventDate "2023.12.01"]
[EventType "tourn"]
[EventRounds "9"]
[EventCountry "GRE"]
[EventCategory "6"]
[SourceTitle "CBM 217 Extra"]
[Source "ChessBase"]
[SourceDate "2024.01.31"]
[SourceVersion "1"]
[SourceVersionDate "2024.01.31"]
[SourceQuality "1"]

1. e4 e5 2. Nf3 Nc6 3. Bb5 a6 4. Ba4 d6 5. Bxc6+ bxc6 6. 0-0 Nf6 7. Re1 Bg4 8. c3 c5 9. h3 Bxf3 10. Qxf3 Be7 11. Na3 Nd7 12. Nc4 Nf8 13. a3 a5 14. a4 Ne6 15. d3 0-0 16. Qg4 Bg5 17. Bxg5 Qxg5 18. Qxg5 Nxg5 19. Ra3 Rfb8 20. Rb1 Ne6 21. g3 g6 22. h4 f5 23. Kf1 fxe4 24. dxe4 g5 25. hxg5 Nxg5 26. Re1 Kg7 27. Kg2 Kf6 28. f3 h5 29. Rh1 c6 30. Rd1 Nf7 31. Rd2 Ke6 32. Ne3 Rb7 33. f4 exf4 34. gxf4 Rg8+ 35. Kf2 d5 36. exd5+ cxd5 37. f5+ Ke5 38. Rxd5+ Ke4 39. Rd2 Ng5 40. c4 Nh3+ 41. Ke2 Rg3 42. Nd5 Rxa3 43. bxa3 Kxf5 44. Kf3 Ng5+ 45. Kg2 Rb3 46. Rf2+ Ke5 47. Ne7 Ke4 48. Nc6 Rb6 49. Ne7 Kd4 50. Rf4+ Ne4 51. Rh4 Rb2+ 52. Kg1 Ke3 53. Rxh5 Kf3 54. Rf5+ Kg3 55. Kf1 Nc3 56. Re5 Kf4 57. Rxc5 Rb1+ 58. Kg2 Ne4 59. Rxa5 Rb2+ 60. Kf1 Nd2+ 61. Ke1 Nxc4 62. Rb5 Ra2 63. Rb4 Ke3 64. Nd5+ Kd3 65. Nf4+ Ke3 66. Nd5+ Kd3 67. Rb3+ Kd4 68. Nb4 Rh2 69. Nc6+ Kc5 70. Ne7 Rh1+ 71. Kf2 Rh2+ 72. Kg3 Ra2 73. Rb5+ Kd4 74. Nc6+ Ke4 75. a5 Rxa3+ 76. Kg4 Ne3+ 77. Kg5 Nd5 78. Kg6 Rg3+ 79. Kh6 1/2-1/2

[Event "Titled Tuesday intern op 07th Nov Early"]
[Site "Chess.com INT"]
[Date "2023.11.07"]
[Round "1"]
[White "Kalogeris, Ioannis"]
[Black "Ashraf, Artin"]
[Result "1-0"]
[WhiteElo "2427"]
[BlackElo "2399"]
[PlyCount "87"]
[EventDate "2023.11.07"]
[EventType "swiss (blitz)"]
[EventRounds "11"]
[EventCountry "USA"]
[SourceTitle "EXT 2025"]
[Source "ChessBase"]
[SourceDate "2024.10.14"]
[SourceVersion "1"]
[SourceVersionDate "2024.10.14"]
[SourceQuality "1"]

1. e4 c5 2. Nf3 d6 3. Bb5+ Nc6 4. a4 Nf6 5. Nc3 Bd7 6. 0-0 a6 7. Bxc6 Bxc6 8. e5 Nd5 9. Ne4 e6 10. d4 cxd4 11. Qxd4 dxe5 12. Nxe5 Nf6 13. Nxf6+ gxf6 14. Nxc6 bxc6 15. Qc3 Rc8 16. Be3 Bd6 17. Rad1 Qe7 18. Rfe1 Bb4 19. Qc4 Bxe1 20. Rxe1 a5 21. Bc5 Qd7 22. Qf4 Qd8 23. Qh6 Qd5 24. Qxf6 Qxc5 25. Qxh8+ Kd7 26. Qxh7 Rf8 27. Qd3+ Kc7 28. Rd1 Kb6 29. c3 e5 30. b4 axb4 31. cxb4 Qe7 32. a5+ Kc7 33. Qa6 Rb8 34. Rc1 Qd6 35. b5 c5 36. b6+ Kd8 37. Qa7 Ke8 38. Qc7 Qxc7 39. bxc7 Ra8 40. Rxc5 Kd7 41. h4 Kc8 42. h5 Ra6 43. g4 Rh6 44. Kg2 1-0

[Event "Titled Tuesday intern op 07th Nov Early"]
[Site "Chess.com INT"]
[Date "2023.11.07"]
[Round "5"]
[White "Kalogeris, Ioannis"]
[Black "Martin Fuentes, Alberto"]
[Result "1-0"]
[WhiteElo "2427"]
[BlackElo "2376"]
[PlyCount "77"]
[EventDate "2023.11.07"]
[EventType "swiss (blitz)"]
[EventRounds "11"]
[EventCountry "USA"]
[SourceTitle "EXT 2025"]
[Source "ChessBase"]
[SourceDate "2024.10.14"]
[SourceVersion "1"]
[SourceVersionDate "2024.10.14"]
[SourceQuality "1"]

1. e4 e6 2. d4 d5 3. Nc3 Bb4 4. e5 Ne7 5. Qg4 Nf5 6. Bd3 Bf8 7. Nf3 c5 8. dxc5 Nc6 9. Nb5 h5 10. Qf4 Bxc5 11. Bd2 Nce7 12. b4 Bb6 13. Nd6+ Nxd6 14. exd6 Nf5 15. Bxf5 exf5 16. 0-0 Be6 17. Bc3 Rg8 18. Rae1 Qd7 19. Qxf5 0-0-0 20. Qxh5 Bg4 21. Qxd5 Qxd6 22. Qxd6 Rxd6 23. Ne5 Be6 24. Nd3 Bxa2 25. Re7 Bc4 26. Ra1 g6 27. Be5 Re6 28. Rxe6 Bxe6 29. Nc5 Bc4 30. Na4 Bc7 31. Bxc7 Kxc7 32. Nc5 a6 33. f3 Rd8 34. Ne4 f5 35. Nc5 Rd2 36. Rc1 b6 37. Nb3 Kc6 38. Nxd2 Bd5 39. g4 1-0

[Event "Titled Tuesday intern op 07th Nov Early"]
[Site "Chess.com INT"]
[Date "2023.11.07"]
[Round "9"]
[White "Kalogeris, Ioannis"]
[Black "Ovetchkin, Roman"]
[Result "1-0"]
[WhiteElo "2427"]
[BlackElo "2518"]
[PlyCount "67"]
[EventDate "2023.11.07"]
[EventType "swiss (blitz)"]
[EventRounds "11"]
[EventCountry "USA"]
[SourceTitle "EXT 2025"]
[Source "ChessBase"]
[SourceDate "2024.10.14"]
[SourceVersion "1"]
[SourceVersionDate "2024.10.14"]
[SourceQuality "1"]

1. e4 c6 2. d4 d5 3. e5 Bf5 4. Nf3 e6 5. Nbd2 Ne7 6. Nb3 Nc8 7. Be2 Be7 8. 0-0 0-0 9. a4 a5 10. Bd2 b6 11. Rc1 Na6 12. c4 Nb4 13. c5 Na2 14. Ra1 Nb4 15. Bxb4 axb4 16. Qd2 bxc5 17. dxc5 Qc7 18. Qxb4 Be4 19. Nbd4 Bxf3 20. Bxf3 Bg5 21. Rfe1 Ne7 22. g3 Rfb8 23. Qc3 Qa5 24. Re2 Qxc3 25. bxc3 Ra5 26. h4 Bh6 27. Raa2 Rba8 28. Reb2 Rxc5 29. a5 g5 30. a6 Rxc3 31. a7 Kg7 32. Rb8 Rc1+ 33. Kg2 Rxa7 34. Rxa7 1-0

[Event "Titled Tuesday intern op 07th Nov Early"]
[Site "Chess.com INT"]
[Date "2023.11.07"]
[Round "7"]
[White "Kalogeris, Ioannis"]
[Black "Smirnov, Pavel"]
[Result "1-0"]
[WhiteElo "2427"]
[BlackElo "2538"]
[PlyCount "115"]
[EventDate "2023.11.07"]
[EventType "swiss (blitz)"]
[EventRounds "11"]
[EventCountry "USA"]
[SourceTitle "EXT 2025"]
[Source "ChessBase"]
[SourceDate "2024.10.14"]
[SourceVersion "1"]
[SourceVersionDate "2024.10.14"]
[SourceQuality "1"]

1. e4 e5 2. Nf3 Nc6 3. Bb5 a6 4. Ba4 Nf6 5. d3 d6 6. Bxc6+ bxc6 7. Nbd2 Be7 8. Nc4 0-0 9. Na5 c5 10. b3 Qe8 11. h3 Kh8 12. Nh2 Ng8 13. g4 g6 14. Bb2 f5 15. Qe2 fxe4 16. dxe4 Bg5 17. Nf3 Bf4 18. Nd2 Qf7 19. 0-0-0 Nf6 20. Kb1 Bd7 21. Ndc4 Be6 22. f3 Rab8 23. h4 Kg8 24. a4 Nd7 25. Nc6 Bxc4 26. Qxc4 Qxc4 27. bxc4 Rb6 28. Ne7+ Kf7 29. Nd5 Rb7 30. Ka2 Rfb8 31. Bc3 Nb6 32. Nxb6 Rxb6 33. h5 g5 34. Rb1 Ke6 35. Ba5 Rxb1 36. Rxb1 Rxb1 37. Kxb1 c6 38. Kb2 d5 39. Kb3 Kd6 40. Bd8 Be3 41. Kc3 Bf4 42. Kd3 Bc1 43. Bf6 Bf4 44. Bg7 Kc7 45. a5 Kd6 46. Bf8+ Ke6 47. Bxc5 Bg3 48. Be3 h6 49. Bc5 Be1 50. Bf8 Bxa5 51. cxd5+ cxd5 52. exd5+ Kxd5 53. Bxh6 Ke6 54. Bxg5 Bb4 55. Bd2 Bf8 56. Ke4 Bg7 57. Bc3 Kd6 58. f4 1-0

[Event "Titled Tuesday intern op 31st Oct Early"]
[Site "Chess.com INT"]
[Date "2023.10.31"]
[Round "1"]
[White "Daneshvar, Bardiya"]
[Black "Kalogeris, Ioannis"]
[Result "1-0"]
[WhiteElo "2591"]
[BlackElo "2427"]
[PlyCount "63"]
[EventDate "2023.10.31"]
[EventType "swiss (blitz)"]
[EventRounds "11"]
[EventCountry "USA"]
[SourceTitle "EXT 2025"]
[Source "ChessBase"]
[SourceDate "2024.10.14"]
[SourceVersion "1"]
[SourceVersionDate "2024.10.14"]
[SourceQuality "1"]

1. Nf3 d6 2. e4 Nf6 3. Nc3 e5 4. d4 Nc6 5. Bb5 Bd7 6. d5 Ne7 7. Bxd7+ Qxd7 8. 0-0 g6 9. a4 Bg7 10. a5 a6 11. Nd2 0-0 12. Nc4 Nh5 13. Qd3 f5 14. f3 f4 15. b4 g5 16. Qe2 Ng6 17. Bd2 Nh4 18. Be1 Kh8 19. Bxh4 gxh4 20. Rfb1 Bf6 21. h3 Rg8 22. Kh2 Rg3 23. Qf2 Rag8 24. Rg1 Rxg2+ 25. Rxg2 Rg3 26. Rh1 Qxh3+ 27. Kg1 Qd7 28. Rxg3 fxg3 29. Qa7 h3 30. Ne2 h2+ 31. Kg2 Bg5 32. Qxb7 1-0

[Event "Titled Tuesday intern op 31st Oct Early"]
[Site "Chess.com INT"]
[Date "2023.10.31"]
[Round "3"]
[White "Kalogeris, Ioannis"]
[Black "Golizadeh, Asghar"]
[Result "0-1"]
[WhiteElo "2427"]
[BlackElo "2456"]
[PlyCount "98"]
[EventDate "2023.10.31"]
[EventType "swiss (blitz)"]
[EventRounds "11"]
[EventCountry "USA"]
[SourceTitle "EXT 2025"]
[Source "ChessBase"]
[SourceDate "2024.10.14"]
[SourceVersion "1"]
[SourceVersionDate "2024.10.14"]
[SourceQuality "1"]

1. e4 c5 2. Nf3 g6 3. d4 cxd4 4. Nxd4 Nc6 5. Nxc6 bxc6 6. Qd4 Nf6 7. e5 Nd5 8. e6 f6 9. exd7+ Bxd7 10. Be2 e5 11. Qc4 Bg7 12. 0-0 Nb6 13. Qc5 Qe7 14. Qxe7+ Kxe7 15. Be3 Rhd8 16. c4 Be6 17. b3 Kf7 18. Bf3 e4 19. Bxe4 f5 20. Bxc6 Bxa1 21. Bxa8 Rxa8 22. Na3 Be5 23. Nb5 a6 24. Nd4 Nd7 25. Nc6 Bf6 26. f4 Rc8 27. Na5 Bc3 28. Nb7 Rb8 29. Nd6+ Ke7 30. c5 Bb4 31. Rc1 Bxc5 32. Rxc5 Nxc5 33. Bxc5 Kd7 34. Kf2 a5 35. Ke3 a4 36. bxa4 Ra8 37. a3 Rxa4 38. Kd3 Kc6 39. Bb4 Rxb4 40. axb4 Kxd6 41. Kd4 Bd5 42. g3 Be4 43. Kc4 h5 44. h4 Kc6 45. Kd4 Kd6 46. b5 Bb7 47. Kc4 Bd5+ 48. Kd4 Be6 49. b6 Bd5 0-1

[Event "Titled Tuesday intern op 12th Sep Early"]
[Site "Chess.com INT"]
[Date "2023.09.12"]
[Round "2"]
[White "Kalogeris, Ioannis"]
[Black "Shapiro, Daniel E"]
[Result "1-0"]
[WhiteElo "2427"]
[BlackElo "2284"]
[PlyCount "61"]
[EventDate "2023.09.12"]
[EventType "swiss (blitz)"]
[EventRounds "11"]
[EventCountry "USA"]
[SourceTitle "EXT 2024"]
[Source "ChessBase"]
[SourceDate "2023.10.10"]
[SourceVersion "1"]
[SourceVersionDate "2023.10.10"]
[SourceQuality "1"]

1. e4 c5 2. Nf3 d6 3. d4 cxd4 4. Nxd4 Nf6 5. Nc3 Nc6 6. Bg5 Qb6 7. Nb3 e6 8. Bd3 a6 9. 0-0 Be7 10. a4 0-0 11. a5 Qc7 12. Qd2 Rd8 13. Ra4 Nd7 14. Bxe7 Nxe7 15. Rc4 Nc6 16. Na4 Nde5 17. Rc3 Bd7 18. Nb6 Rab8 19. f4 Nxd3 20. cxd3 Be8 21. d4 d5 22. e5 Qe7 23. Rc5 f6 24. exf6 Qxf6 25. Re1 Bg6 26. Qe3 Rd6 27. Rc3 Rf8 28. g3 Bf5 29. Nc5 Nxd4 30. Ncd7 Nc2 31. Nxf6+ 1-0

[Event "Titled Tuesday intern op 12th Sep Early"]
[Site "Chess.com INT"]
[Date "2023.09.12"]
[Round "6"]
[White "Maerevoet, Sim"]
[Black "Kalogeris, Ioannis"]
[Result "1-0"]
[WhiteElo "2437"]
[BlackElo "2427"]
[PlyCount "55"]
[EventDate "2023.09.12"]
[EventType "swiss (blitz)"]
[EventRounds "11"]
[EventCountry "USA"]
[SourceTitle "EXT 2024"]
[Source "ChessBase"]
[SourceDate "2023.10.10"]
[SourceVersion "1"]
[SourceVersionDate "2023.10.10"]
[SourceQuality "1"]

1. e4 e5 2. Nf3 Nc6 3. d4 exd4 4. Nxd4 Bc5 5. Nb3 Bb6 6. Nc3 Nge7 7. a4 a5 8. Nd5 Nxd5 9. exd5 Ne5 10. d6 Qf6 11. f4 0-0 12. Be2 Re8 13. Qd5 Nc6 14. Bd2 Qxb2 15. c3 Qc2 16. Rc1 Qe4 17. Qxe4 Rxe4 18. Kd1 Rxa4 19. Bd3 cxd6 20. Re1 Kf8 21. Kc2 Na7 22. Re2 g6 23. f5 Kg7 24. f6+ Kxf6 25. Rf1+ Kg7 26. Re7 Ra2+ 27. Kb1 Rc2 28. Rexf7+ 1-0

[Event "Titled Tuesday intern op 01st Aug Late"]
[Site "Chess.com INT"]
[Date "2023.08.01"]
[Round "3"]
[White "Kalogeris, Ioannis"]
[Black "Shapiro, Daniel E"]
[Result "0-1"]
[WhiteElo "2427"]
[BlackElo "2284"]
[PlyCount "64"]
[EventDate "2023.08.01"]
[EventType "swiss (blitz)"]
[EventRounds "11"]
[EventCountry "USA"]
[SourceTitle "EXT 2024"]
[Source "ChessBase"]
[SourceDate "2023.10.10"]
[SourceVersion "1"]
[SourceVersionDate "2023.10.10"]
[SourceQuality "1"]

1. e4 c5 2. Nf3 d6 3. Nc3 Nc6 4. Bb5 Bd7 5. 0-0 e6 6. Bxc6 Bxc6 7. d3 Be7 8. Bf4 g5 9. Bg3 g4 10. Nd2 h5 11. f3 h4 12. Bf2 g3 13. hxg3 hxg3 14. Bxg3 Bh4 15. Qe1 Qg5 16. Bxh4 Rxh4 17. g3 Rh3 18. Ne2 0-0-0 19. f4 Qh6 20. Nf3 Nf6 21. Kg2 Ng4 22. Rh1 Rh8 23. Nh4 Rxh1 24. Qxh1 f5 25. Nc3 Qh5 26. Qe1 Rg8 27. Kh3 Nf6 28. exf5 Qg4+ 29. Kh2 exf5 30. Qe6+ Bd7 31. Qe1 Nh5 32. Ne2 Re8 0-1